000 00560nam a2200217Ia 4500
003 BUBTL
008 151213s9999 xx 000 0 und d
082 _a347.5491077/ D6494s/ 2007
100 _aD L R
_93935
245 _aThe Specific Relief Act (1 of 1877)/
_cD L R
250 _a5TH
260 _aDhaka
_bDhaka Law Reports
_c2007
300 _a248p. :
_b25cm.
500 _aIncludes Index
650 _aLaw
650 _aLaw
700 _aD L R
_93935
856 _k0
_l0
_yDownload
942 _2ddc
_cBK
999 _c3404
_d3404